000 00485nam a2200181Ia 4500
003 GCL
008 140319s9999 xx 000 0 eng d
040 _aGCL /
_cGCL
082 0 4 _a791.43028092
_bA M
100 1 _aAMIEL, CAROLE
245 1 0 _aMONTAND :TOUT SIMPLEMENT /
_cAMIEL, CAROLE
260 _a[S.N] :
_bNIL EDITIONS ،
_c1997
300 _a268 P
650 0 4 _aMOTION PICTURES
650 0 4 _aACTORS - BIOGRAPHIES
650 0 4 _aMOTION PICTURES - BIOGRAPHIES
942 _2ddc
_cBK
999 _c16154
_d16154